| 000 | 01225nam a2200265 a 4500 | ||
|---|---|---|---|
| 001 | 62637 | ||
| 003 | BD-RjUL | ||
| 005 | 20211209081116.0 | ||
| 008 | 170124s2010 bg ||||| b||| 00| 0 ben d | ||
| 020 |
_a9847022500221 _c: Tk. 380.00 |
||
| 035 | _a(BD-RjUL)62763 | ||
| 040 |
_aBD-RjUL _bben _cBD-RjUL |
||
| 041 | _aben | ||
| 082 |
_223 _a782.42169095492 _bSEN 2010 |
||
| 100 |
_aসেঁজুতি, মাফরুহা হোসেন _9186213 |
||
| 245 | 1 | 0 |
_aনজরুলসঙ্গীতের সৌন্দর্যতত্ত্ব / _cমাফরুহা হোসেন সেঁজুতি |
| 260 |
_aঢাকা : _bতরফদার প্রকাশনী, _c২০১০ |
||
| 300 |
_a৩০৪ পৃ. ; _c২৩ সেমি. |
||
| 504 | _aগ্রন্থপঞ্জি সংযুক্ত | ||
| 600 |
_aনজরুল ইসলাম, কাজী _d১৮৯৯-১৯৭৬ _xগান _9186595 |
||
| 600 |
_aNazrul Islam, Kazi _d1899-1976 _xSongs. _9186596 |
||
| 650 |
_aবাংলা গান _zবাংলাদেশ _xইতিহাস ও সমালোচনা _9186216 |
||
| 650 |
_aSongs, Bengali _zBangladesh _xHistory and criticism. _9186217 |
||
| 942 |
_2ddc _cBK |
||
| 999 |
_c62637 _d62637 |
||